[Event "Catalunya-chT Honor"]
[Site "Catalunya"]
[Date "2013.03.09"]
[Round "8.2"]
[White "Cuadras Avellana, Jordi"]
[Black "Gonzalez Perez, Adolfo"]
[Result "0-1"]
[WhiteElo "2325"]
[BlackElo "2474"]
[PlyCount "66"]
[EventDate "2013.01.19"]
[EventType "team-tourn"]
[EventRounds "11"]
[EventCountry "ESP"]
[SourceTitle "EXT 2014"]
[Source "ChessBase"]
[SourceDate "2013.11.20"]
[SourceVersion "1"]
[SourceVersionDate "2013.11.20"]
[SourceQuality "1"]
[WhiteTeam "Figueres"]
[BlackTeam "Sant Andreu"]
[WhiteTeamCountry "ESP"]
[BlackTeamCountry "ESP"]

1. e4 c5 2. Nf3 d6 3. d4 cxd4 4. Nxd4 Nf6 5. Nc3 g6 6. Be3 Bg7 7. f3 0-0 8. Qd2 Nc6 9. Bc4 Bd7 10. 0-0-0 Rc8 11. Bb3 Nxd4 12. Bxd4 b5 13. a3 a5 14. Nd5 Nxd5 15. Bxg7 Kxg7 16. exd5 b4 17. axb4 axb4 18. Qxb4 Kg8 19. Rhe1 Re8 20. Rd4 Rc5 21. Kd2 Qc7 22. Ke3 Rb8 23. Qd2 Bf5 24. Rd3 Qa7 25. Kf4 Bxd3 26. Qxd3 Ra5 27. Qe4 Qf2 28. Re2 e5+ 29. Kg5 Qc5 30. Qe3 Qc7 31. Kh4 f5 32. Qxe5 dxe5 33. d6+ Qf7 0-1

[Event "Mollet del Valles 1st"]
[Site "Mollet del Valles"]
[Date "2009.11.29"]
[Round "1.5"]
[White "Gonzalez Perez, Adolfo"]
[Black "Castaneda Munoz, Antonio"]
[Result "1-0"]
[WhiteElo "1787"]
[BlackElo "1775"]
[PlyCount "109"]
[EventDate "2009.11.29"]
[EventType "swiss"]
[EventRounds "1"]
[EventCountry "ESP"]
[SourceTitle "EXT 2024"]
[Source "ChessBase"]
[SourceDate "2023.10.10"]
[SourceVersion "1"]
[SourceVersionDate "2023.10.10"]
[SourceQuality "1"]

1. c3 b6 2. d4 Bb7 3. Bg5 d6 4. Qc2 h6 5. Bh4 Nf6 6. Nd2 d5 7. Ngf3 Nbd7 8. e3 a6 9. Bd3 e6 10. h3 Be7 11. Bg3 c5 12. 0-0 c4 13. Be2 0-0 14. Rfe1 b5 15. a3 Qb6 16. Ne5 Nxe5 17. Bxe5 Ne4 18. Bf3 Ng5 19. Be2 Bd6 20. Bxd6 Qxd6 21. Nf3 Rae8 22. Nxg5 hxg5 23. Bf3 e5 24. dxe5 Rxe5 25. Rad1 Qe7 26. Rd4 Rd8 27. Red1 f5 28. Qd2 Qd7 29. g3 Bc6 30. g4 fxg4 31. Bxg4 Qf7 32. f3 Bb7 33. Kg2 Rde8 34. Re1 Qe7 35. Kf2 Bc8 36. Bxc8 Rxc8 37. Rxd5 Re8 38. Rd7 Qe6 39. Rd8 Qxh3 40. Rxe8+ Rxe8 41. Qd5+ Kh8 42. Qxg5 Rf8 43. Qg2 Qf5 44. Rh1+ Kg8 45. Qh3 Qc2+ 46. Kg3 Qxb2 47. Qe6+ Rf7 48. Rd1 Qxc3 49. Rd8+ Kh7 50. Qxf7 Qe5+ 51. Qf4 Qxf4+ 52. Kxf4 a5 53. Rc8 b4 54. Rxc4 b3 55. Rc8 1-0